Cuerpos pintados: dos décadas de evolución

Guardat en:
Dades bibliogràfiques
Autor corporatiu: Taller Experimental Cuerpos Pintados (Autor)
Format: Llibre
Idioma:espanyol
Publicat: Santiago Taller Experimental Cuerpos Pintados 2003
Col·lecció:Colección Cuerpos Pintados
Matèries:
Etiquetes: Afegir etiqueta
Sense etiquetes, Sigues el primer a etiquetar aquest registre!

MARC

LEADER 00000cam a2200000 a 4500
001 UCF9396
003 CL-VaPUC
008 131115e20030000cl |||||||||||||||||spa|d
020 |a 95629531X 
082 0 4 |a 757.22  |b TAL  |2 21 
110 2 |a Taller Experimental Cuerpos Pintados  |e author  |9 571681 
245 1 0 |a Cuerpos pintados: dos décadas de evolución 
300 |a pág. irreg 
942 |c BK 
945 |d 20131115 14:49:00  |a dcastane 
260 |a Santiago  |b Taller Experimental Cuerpos Pintados  |c 2003 
500 |a Fotografía de Roberto Edwards y Thomas Kelly 
650 0 |a Pintura  |9 265046 
650 7 |a DESNUDO EN EL ARTE  |2 CL-VaPUC  |9 444355 
650 0 |a Pintura chilena siglo 20  |9 314453 
583 |a last modification  |c 20131115 14:49:00  |k Rodrigo Vera 
490 0 |a Colección Cuerpos Pintados 
999 |c 353842  |d 353840 
952 |0 0  |1 0  |3 erd  |4 0  |6 757_220000000000000_TAL_2003  |7 0  |8 X  |9 459263  |a BIBART  |b BIBART  |i 5025036  |o 757.22 TAL 2003  |p 5025036  |r 2025-03-13  |w 2019-11-23  |y BK_X  |z Catalogado en:20131115  |k ART